00561nam a2200193 a 4500001001300000003000900013005001700022008004100039020000900080082001700089100002500106245008100131260005400212300000900266500003500275505001000310650002200320700002500342nice12345678IN_TiNIC20260116011740.0050524s1974 hyda grp 000 0 eng  ac1000a297.63bHAM4 aHamidullah, Muhammad aMuhammad Rasulullahb a Concise Survey of the Life and Work of the Founder o aHyderabad bMarkazi Anjuman Taleemus Salat c1974 a197p aincludes index and biblioraphy2 aIndex aMuhammad, Prophet1 aHamidullah, Muhammad